000 00379 a2200109 4500
001 ART_46575
005 20260410161731.0
008 260409a
245 1 0 _aDiez postulados para una investigación contable universitaria de calidad
100 1 _aSader, Gustavo
773 0 _tEscritos contables y de administración
_g- Vol. 8, Nº 1 (ene./jun. 2017)
_wREV2758
999 _c17873
_d17873